Een schone ende miraculeuse historie vanden ridder metter swane, die te Nimmeghen in Gelderlandt t'scheep quam by den geleyde van een swaen, wt den lande van Lillefoordt, twelck men seydt te wesen Rijssel, Duway ende Orchy gheleghen in Vlaenderen /
المؤلف الرئيسي:
التنسيق: كتاب الكتروني
اللغة:
English
Dutch
منشور في:
Leiden ; Boston :
Brill,
1931.
سلاسل:
Religious Studies, Theology and Philosophy - Book Archive pre-2000.
الموضوعات:
الوصول للمادة أونلاين: Login to view Source
الوسوم: إضافة وسم
رقم الطلب: PT5355
| LEADER | 02447nam a22004338i 4500 | ||
|---|---|---|---|
| 001 | BRILL9789004604483 | ||
| 003 | nllekb | ||
| 005 | 20250308131557.0 | ||
| 006 | m d | ||
| 007 | cr un uuuua | ||
| 008 | 241115s1931 gw sb 001 0 eng d | ||
| 020 | |a 9789004604483 |q (electronic book) | ||
| 020 | |z 9789004574182 |q (print) | ||
| 024 | 7 | |a 10.1163/9789004604483 |2 DOI | |
| 040 | |a NL-LeKB |c NL-LeKB |e rda | ||
| 041 | |a dut | ||
| 050 | 4 | |a PT5355 | |
| 072 | 7 | |a HR |2 bicssc | |
| 072 | 7 | |a REL |x 000000 |2 bisacsh | |
| 082 | 0 | 4 | |a 398.2209492 |2 23 |
| 100 | 1 | |a Boekenoogen, G J., |e author. | |
| 245 | 1 | 0 | |a Een schone ende miraculeuse historie vanden ridder metter swane, die te Nimmeghen in Gelderlandt t'scheep quam by den geleyde van een swaen, wt den lande van Lillefoordt, twelck men seydt te wesen Rijssel, Duway ende Orchy gheleghen in Vlaenderen / |c G J Boekenoogen. |
| 264 | 1 | |a Leiden ; |a Boston : |b Brill, |c 1931. | |
| 264 | 4 | |c ©1931 | |
| 336 | |a text |b txt |2 rdacontent | ||
| 337 | |a computer |b c |2 rdamedia | ||
| 338 | |a online resource |2 rdacarrier | ||
| 490 | 1 | |a Religious Studies, Theology and Philosophy - Book Archive pre-2000 | |
| 504 | |a Includes bibliographical references and index. | ||
| 505 | 0 | |t Front Matter -- Preliminary Material / |r Dr. G. J. Boekenoogen -- Voorbericht. / |r Dr. G. J. Boekenoogen -- Herdruk van den Tekst / |r G. J. Boekenoogen -- I. Herdruk van het Fragment van den Oudsten Druk van het Volksboek. / |r G. J. Boekenoogen -- II. Het uit het Volksboek Getrokken Historielied. / |r G. J. Boekenoogen -- III. De Verschillende Uitgaven van het Volksboek. / |r G. J. Boekenoogen -- IV. Overzicht van de Literatuur Betreffende het Volksboek en de sage van den Zwaanridder. / |r G. J. Boekenoogen -- V. Aanteekeningen Betreffende den Herdruk. / |r G. J. Boekenoogen. | |
| 546 | |a Dutch | ||
| 588 | |a Description based on print version record. | ||
| 650 | 0 | |a Novels. | |
| 650 | 0 | |a Religious Studies. | |
| 776 | 0 | 8 | |i Print version: |t Een schone ende miraculeuse historie vanden ridder metter swane, die te Nimmeghen in Gelderlandt t'scheep quam by den geleyde van een swaen, wt den lande van Lillefoordt, twelck men seydt te wesen Rijssel, Duway ende Orchy gheleghen in Vlaenderen. |d Leiden ; Boston : Brill, 1931. |z 9789004574182 |
| 830 | 0 | |a Religious Studies, Theology and Philosophy - Book Archive pre-2000. | |
| 856 | 4 | |z DOI: |u http://dx.doi.org/10.1163/9789004604483 | |
| 942 | |2 lcc |c EBOOK | ||
| 999 | |c 60457 |d 60457 | ||
